000 01673nam a2200385 a 4500
001 000015348
003 DO-SdBPM
005 20250922125731.0
007 ta
008 100205s2005 dr a 001 0 spa d
040 _aDO-SdBPM
_bspa
_cBPMSU
_drda
049 _a
082 4 _a304.6
_bR426p 2005
_222
110 1 _aRepública Dominicana,
_bSecretaría de Estado de Economía, Planificación y Desarrollo
245 1 0 _aPlan estratégico 2005-2010 :
_bconstruyendo el sistema /
_cpresentación Pablo Tructk.
260 _b
_b
_c
264 _aSanto Domingo :
_bOficina Nacional de Estadística (ONE)
_c2005
300 _a43 páginas :
_bilustraciones ;
_c27 cm.
336 _atexto
_btxt
_2rdacontent
337 _asin mediación
_bn
_2rdamedia
338 _avolumen
_bnc
_2rdacarrier
590 _aInventariado, 2025/VM
650 7 _aPlanificación estratégica
_z República Dominicana
_2
650 7 _aDemografía
_zRepública Dominicana
700 1 _aTruck, Pablo
710 1 _aRepública Dominicana.
_bOficina Nacional de Estadística
710 z _a República Dominicana.
_bEstadística, Oficina Nacional de
710 z _aRepública Dominicana.
_bPresidencia
_bSecretariado Técnico.
_b Oficina Nacional de Estadística
710 z _aRepública Dominicana.
_bOficina Nacional de Estadísticas
710 z _aONE
710 z _aRepública Dominicana.
_bSecretaría de Estado de Economía, Planificación y Desarrollo.
_bOficina Nacional de Estadística
710 z _aRepública Dominicana.
_b Ministerio de Economía, Planificación y Desarrollo. |b Oficina Nacional de Estadística
910 _aVMateo V. Control de calidad. BPMSU
942 _2ddc
_cBK
999 _c15420
_d15420